MyGZULibrary

Peacebuilding and NGOs : (Record no. 10555)

MARC details
000 -LEADER
fixed length control field 01376cam a22003014a 4500
001 - CONTROL NUMBER
control field 17223469
003 - CONTROL NUMBER IDENTIFIER
control field GZU
005 - DATE AND TIME OF LATEST TRANSACTION
control field 20220606150833.0
008 - FIXED-LENGTH DATA ELEMENTS--GENERAL INFORMATION
fixed length control field 120323s2013 nyu b 001 0 eng
010 ## - LIBRARY OF CONGRESS CONTROL NUMBER
LC control number 2012010477
020 ## - INTERNATIONAL STANDARD BOOK NUMBER
International Standard Book Number 9780415693967 (hardback : alk. paper)
020 ## - INTERNATIONAL STANDARD BOOK NUMBER
International Standard Book Number 9780203096536 (ebook)
040 ## - CATALOGING SOURCE
Original cataloging agency DLC
Transcribing agency DLC
Modifying agency DLC
042 ## - AUTHENTICATION CODE
Authentication code pcc
050 00 - LIBRARY OF CONGRESS CALL NUMBER
Classification number JZ5538
Item number .CHR 2013
100 1# - MAIN ENTRY--PERSONAL NAME
Personal name Christie, Ryerson.
Relator term author
245 10 - TITLE STATEMENT
Title Peacebuilding and NGOs :
Remainder of title state-civil society interactions /
Statement of responsibility, etc. Ryerson Christie.
260 ## - PUBLICATION, DISTRIBUTION, ETC.
Place of publication, distribution, etc. New York :
Name of publisher, distributor, etc. Routledge,
Date of publication, distribution, etc. 2013.
300 ## - PHYSICAL DESCRIPTION
Extent xi, 263 pages. ;
Dimensions 25 cm.
490 0# - SERIES STATEMENT
Series statement Routledge studies in peace and conflict resolution
504 ## - BIBLIOGRAPHY, ETC. NOTE
Bibliography, etc. note Includes bibliographical references and index.
505 0# - FORMATTED CONTENTS NOTE
Formatted contents note Introduction -- Critical analysis of peacebuilding -- Critiques of NGOs in peacebuilding -- A brief history of Cambodia and peacebuilding -- State intervention in NGOs for personal gain -- Bureaucratic intervention in NGO activities -- Intervention on identity issues -- The non-politics around the meaning of politics -- Conclusions.
650 #0 - SUBJECT ADDED ENTRY--TOPICAL TERM
Topical term or geographic name entry element Peace-building.
650 #0 - SUBJECT ADDED ENTRY--TOPICAL TERM
Topical term or geographic name entry element Non-governmental organizations.
906 ## - LOCAL DATA ELEMENT F, LDF (RLIN)
a 7
b cbc
c orignew
d 1
e ecip
f 20
g y-gencatlg
942 ## - ADDED ENTRY ELEMENTS (KOHA)
Source of classification or shelving scheme Library of Congress Classification
Koha item type Books
Classification part 5538
Item part CHR
Call number prefix JZ
Holdings
Withdrawn status Lost status Source of classification or shelving scheme Damaged status Not for loan Collection code Home library Current library Shelving location Date acquired Total Checkouts Full call number Barcode Date last seen Copy number Price effective from Koha item type
    Library of Congress Classification     Non-fiction City Campus Library City Campus Library General Stacks 06/06/2022   JZ5538 CHR 2013 032366 06/06/2022 c. 1 06/06/2022 Books